Dlhodobý majetok z hľadiska účtovníctva a rozpočtovníctva v roku 2022 (2. časť)

Účtovanie v účtovných skupinách 01 - Dlhodobý nehmotný majetok, 02 - Dlhodobý hmotný majetok odpisovaný a 03 - Dlhodobý majetok neodpisovaný.

Salvato in:
Dettagli Bibliografici
Autore principale: Urbanová, Terézia
Natura: Capitolo di libro
Lingua:slovacco
Soggetti:
Tags: Aggiungi Tag
Nessun Tag, puoi essere il primo ad aggiungerne!!

MARC

LEADER 00000naa a2200000 4500
001 0287810
005 20240417075214.2
041 0 |a slo 
044 |a SK 
245 1 0 |a Dlhodobý majetok z hľadiska účtovníctva a rozpočtovníctva v roku 2022 (2. časť)  |c Terézia Urbanová 
520 |a Účtovanie v účtovných skupinách 01 - Dlhodobý nehmotný majetok, 02 - Dlhodobý hmotný majetok odpisovaný a 03 - Dlhodobý majetok neodpisovaný. 
610 2 0 |a majetok 
610 2 0 |a majetok dlhodobý 
610 2 0 |a majetok hmotný 
610 2 0 |a majetok nehmotný 
610 2 0 |a odpisy 
610 2 0 |a účtovanie 
610 2 0 |a účtovníci 
610 2 0 |a účtovníctvo 
100 1 |a Urbanová, Terézia